005260000a2200145000450024501340000065000120013465000120014665000220015865000110018065000260019165100480021704100140026510000310027977300700031010aContribución al conocimiento de la estructura de un bosque nublado altoandino de la cordillera Oriental, Cundinamarca, Colombia14aBosques14aBiomasa14aCobertura vegetal14aSuelos14aInventarios vegetales 4lCordillera orientaldCundinamarcapColombia0 aEspañol1 aCarrizosa Posada, Santiago1 tTrianea: Acta Científica y Tecnológica3159h4q409-436d1991